[Event "FRA-chT2 0910"]
[Site "France"]
[Date "2009.10.18"]
[Round "3.8"]
[White "Champs, Sandra"]
[Black "Anamba Onana, Marie Therese"]
[Result "0-1"]
[WhiteElo "1380"]
[BlackElo "1680"]
[PlyCount "56"]
[EventDate "2009.09.27"]
[EventType "team-tourn"]
[EventRounds "11"]
[EventCountry "FRA"]
[SourceTitle "EXT 2011"]
[Source "ChessBase"]
[SourceDate "2010.11.26"]
[SourceVersion "1"]
[SourceVersionDate "2010.11.26"]
[SourceQuality "1"]

1. e4 e5 2. Nf3 Nc6 3. d4 exd4 4. Nxd4 Ne5 5. Nc3 Nf6 6. Bb5 Bb4 7. Nde2 0-0 8. Bd2 c6 9. Ba4 d6 10. 0-0 Bg4 11. f3 Bc5+ 12. Kh1 Bh5 13. Nf4 Nc4 14. Rb1 Be3 15. Bc1 Qc7 16. Nxh5 Nxh5 17. Qd3 Bxc1 18. Rfxc1 b5 19. Bb3 Nf4 20. Qf1 Nd2 21. Qf2 Nxb1 22. Nxb1 a5 23. a3 a4 24. Ba2 Rfe8 25. Rd1 Rad8 26. Qg3 Ng6 27. Nc3 Qe7 28. h4 Nxh4 0-1

[Event "Montigny le Bretonneux Noel op 11th"]
[Site "Montigny le Bretonneux"]
[Date "2008.12.29"]
[Round "5"]
[White "Fruchard, Cyrille"]
[Black "Champs, Sandra"]
[Result "1-0"]
[WhiteElo "1500"]
[BlackElo "1220"]
[PlyCount "67"]
[EventDate "2008.12.26"]
[EventType "swiss"]
[EventRounds "7"]
[EventCountry "FRA"]
[SourceTitle "EXT 2010"]
[Source "ChessBase"]
[SourceDate "2010.11.25"]
[SourceVersion "1"]
[SourceVersionDate "2010.11.25"]
[SourceQuality "1"]

1. e4 e5 2. Nf3 Nc6 3. Bb5 Nf6 4. d3 d6 5. Nc3 Bd7 6. Bg5 Be7 7. 0-0 0-0 8. Bxc6 Bxc6 9. Bxf6 Bxf6 10. Re1 Re8 11. Qd2 Re6 12. d4 exd4 13. Nxd4 Bxd4 14. Qxd4 Rg6 15. f3 Bd7 16. Kh1 Qg5 17. Qf2 h5 18. Rad1 h4 19. Qd2 Qh5 20. Nd5 c6 21. Ne7+ Kh8 22. Nxg6+ Qxg6 23. Qxd6 Qxd6 24. Rxd6 Be6 25. Red1 Kh7 26. Rd8 Rxd8 27. Rxd8 Bxa2 28. b3 Bb1 29. Rd2 a5 30. Kg1 Kg6 31. Kf2 Kg5 32. Ke3 f6 33. c3 f5 34. Rb2 1-0

[Event "Montigny le Bretonneux Noel op 11th"]
[Site "Montigny le Bretonneux"]
[Date "2008.12.26"]
[Round "1"]
[White "Champs, Sandra"]
[Black "Fayolle, Guy"]
[Result "1/2-1/2"]
[WhiteElo "1220"]
[BlackElo "1886"]
[PlyCount "53"]
[EventDate "2008.12.26"]
[EventType "swiss"]
[EventRounds "7"]
[EventCountry "FRA"]
[SourceTitle "EXT 2010"]
[Source "ChessBase"]
[SourceDate "2010.11.25"]
[SourceVersion "1"]
[SourceVersionDate "2010.11.25"]
[SourceQuality "1"]

1. e4 e5 2. Nf3 Nc6 3. Bb5 a6 4. Ba4 Nf6 5. Nc3 b5 6. Bb3 Bc5 7. 0-0 0-0 8. Re1 d6 9. d3 h6 10. h3 Na5 11. Bd5 c6 12. Bb3 Nxb3 13. axb3 Nd7 14. d4 exd4 15. Nxd4 Qf6 16. Be3 Bxd4 17. Bxd4 Qg6 18. Re3 Qe6 19. Rg3 f6 20. Qh5 Kh8 21. Be3 Qf7 22. Qxf7 Rxf7 23. Rd1 d5 24. exd5 cxd5 25. Nxd5 Bb7 26. Nb6 Nxb6 27. Bxb6 1/2-1/2